000 00409nam a2200157 a 4500
005 20140412111321.0
008 001214s19uu xx 00 eng d
020 _a0-394-83241-8
050 _aER
_bBa11
100 _aMcNaught, Harry
245 _aBaby animals /
_cHarry McNaught.
260 _aNew Yok :
_bRandom House,
_c[n.d.]
300 _a1 v. (unp.) ; ill.
650 _aBaby animals
999 _c104396
_d104396